| 000 | 00480nam a2200157 a 4500 | ||
|---|---|---|---|
| 001 | 000032140 | ||
| 005 | 20200930063450.0 | ||
| 008 | 110713s1970 dr 000 0 eng d | ||
| 040 |
_aDO-SdBNP _beng _cBNPHU |
||
| 082 | _aF725 | ||
| 245 | 0 | 0 | _aForming a dominican company prepared by Jonathan Russin & Luis Heredia Bonetti. |
| 260 |
_a[Santo Domingo] : _bKirkwoo, _c1970. |
||
| 300 |
_a49 p. ; _c21 cm. |
||
| 700 | 1 |
_aRussin, Jonathan _958150 |
|
| 700 | 1 |
_aHeredia Bonetti, Luis _99316 |
|
| 999 |
_c31631 _d31631 |
||